[Event "XIX Sants Open 2017"]
[Site "Cotxeres de Sants"]
[Date "2017.08.24"]
[Round "7"]
[White "Grigoryan, Karen H"]
[Black "Goh, Wei Ming Kevin"]
[Result "1/2-1/2"]
[WhiteElo "2570"]
[BlackElo "2446"]
[Annotator "TA"]
[PlyCount "36"]
[EventDate "2017.??.??"]
[EventType "swiss"]
[EventCountry "ESP"]
[SourceTitle "playchess.com"]
[Source "ChessBase"]
[SourceQuality "1"]

{[%evp 25,36,-8,0,-35,-25,-8,-15,-16,-16,-14,-14,-8,-12]} 1. d4 Nf6 2. c4 g6 3. Nc3 d5 4. Nf3 Bg7 5. Qb3 dxc4 6. Qxc4 O-O 7. e4 Na6 8. Be2 c5 9. d5 e6 10. O-O exd5 11. exd5 Re8 12. Bg5 {D97: Grünfeld: Russian System: 7 e4, replies other than 7...Bg4} (12. Rd1 Bd7 13. a3 Rb8 14. Qh4 Ne4 15. Qxd8 Rbxd8 16. Nxe4 Rxe4 17. Bd3 Ree8 18. Rb1 b5 19. b3 Nc7 20. Bg5 {½-½ (39) Volkov,S (2624)-Sasikiran,K (2661) Stockholm 2017}) 12... h6 13. Bh4 Bf5 {LiveBook: 3 Games} 14. Bd3 Bxd3 (14... b5 $5 15. Qxb5 (15. Nxb5 Bxd3 16. Qxd3 Nb4 $11) 15... Nc7 $11) 15. Qxd3 Nb4 $146 {The position is equal.} ({Predecessor:} 15... Qb6 16. Rfd1 Rad8 17. a3 Rd7 18. Rab1 Nh5 19. Qc4 g5 {½-½ (43) Kraemer,E (2223)-Frischmann,R (2323) Schwaebisch Gmuend 2017}) 16. Qc4 Nbxd5 17. Rad1 {[%cal Rd1d5]} Nb6 18. Qxc5 Qc8 1/2-1/2

[Event "XIX Sants Open 2017"]
[Site "Cotxeres de Sants"]
[Date "2017.08.24"]
[Round "7"]
[White "Dobrov, Vladimir"]
[Black "Diaz Camallonga, Carles"]
[Result "1/2-1/2"]
[WhiteElo "2510"]
[BlackElo "2437"]
[Annotator "TA"]
[PlyCount "149"]
[EventDate "2017.??.??"]
[EventType "swiss"]
[EventCountry "ESP"]
[SourceTitle "playchess.com"]
[Source "ChessBase"]
[SourceQuality "1"]

{[%evp 18,149,22,22,24,11,52,43,60,48,46,64,52,54,58,44,45,46,77,66,92,93,143,139,154,105,139,58,55,50,63,63,63,63,63,63,63,55,63,63,63,63,63,63,63,63,63,63,69,70,74,0,64,63,63,63,63,0,63,63,63,63,78,63,63,67,68,70,78,30,35,27,24,25,29,25,130,73,68,14,17,20,19,7,10,14,172,0,0,0,0,0,0,0,0,0,1,0,0,0,0,0,0,0,0,0,0,0,0,0,0,0,0,0,0,0,0,0,0,0,0,0,0,0,0,0,0,0,0,0,0,0,0,0]} 1. d4 e6 2. c4 Nf6 3. Nf3 Bb4+ 4. Bd2 a5 5. g3 d6 6. Bg2 Nbd7 7. O-O e5 8. Bc1 {E11: Bogo-Indian} exd4 9. Nxd4 O-O 10. Qc2 {LiveBook: 3 Games} a4 $146 ({Predecessor:} 10... Re8 11. b3 a4 12. Bb2 Ne5 13. h3 Bd7 14. Nd2 Qc8 15. Kh2 h5 {0-1 (50) Roselli Mailhe,B (2411)-Bachmann,A (2593) Bilbao 2015}) 11. Nc3 Bc5 12. Rd1 Nb6 13. Rb1 $1 Qe7 14. b4 axb3 15. axb3 c6 16. Nf5 $36 {[%mdl 2048] White is pushing.} Bxf5 $1 17. Qxf5 {Strongly threatening b4.} Qe5 18. Qc2 d5 19. Bf4 Qe6 20. cxd5 cxd5 21. Qd3 Rfd8 22. Bc7 (22. Nb5 $16) 22... Rd7 $1 $14 {[%cal Rd7c7]} 23. Bxb6 Qxb6 24. e3 {[%cal Rc3d5]} Rad8 25. Na4 Qb4 26. Nxc5 Qxc5 27. Qf5 Qe7 28. Rd4 Qe6 29. Qd3 Qc6 30. Rd1 g6 31. Qd2 Kg7 32. h3 Qb6 33. Rb4 Qc5 34. Rd4 Qb6 $1 35. Qb2 Kg8 36. Qa3 Kg7 37. Qb2 Kg8 38. R1d3 Ne4 39. b4 Qb5 40. Qa1 Nf6 41. g4 h6 42. Qd1 Rc8 43. Qf3 Kg7 44. Qf4 Rc1+ 45. Kh2 Rc4 46. h4 {[#] Black must now prevent Qe5.} Rxd4 (46... Qxb4 $11 47. g5 Nh5 48. gxh6+ Kh7) 47. Rxd4 (47. Qxd4 $142 {And now g5 would win.} Kh7 48. g5) 47... Qc6 $16 48. Bf3 ({White should play} 48. g5 $14 Ng8 49. Kg1) 48... Re7 $1 $11 49. Kg2 Ne4 50. g5 hxg5 51. hxg5 f6 $2 {[#]} (51... Kg8 $11 {and Black has nothing to worry.}) 52. Rxd5 $2 ({Better is} 52. Bxe4 $1 $18 fxg5 53. Qxg5 (53. Bxd5 gxf4 54. Bxc6 fxe3 $16) 53... Rxe4 54. Rxd5) 52... Nxg5 {The position is equal.} 53. Rd6 (53. Qd4 {keeps more tension.} Nxf3 54. Kxf3 Kf7 55. b5 Qe6 56. Qc4) 53... Qxf3+ 54. Qxf3 Nxf3 55. Kxf3 {[%mdl 4096] Endgame KR-KR} Kf7 56. Rb6 g5 57. e4 Kg7 58. Rb5 Kf7 59. Ke3 Ke6 60. f4 gxf4+ $1 61. Kxf4 Kf7 62. Rb6 Kg7 63. Rb5 Kf7 64. Kf5 Kg7 65. Rc5 Kf7 66. Rb5 Kg7 67. Rd5 Kf7 68. Ra5 Kg7 (68... b6 $5 {[%cal Rb6a5]} 69. Rb5 Re6 $11) 69. Rc5 Kf7 70. b5 b6 71. Rd5 Rc7 72. e5 fxe5 73. Rd6 Ke7 74. Rxb6 Kd7 75. Ke4 {Precision: White = 59%, Black = 69%.} 1/2-1/2

[Event "XIX Sants Open 2017"]
[Site "Cotxeres de Sants"]
[Date "2017.08.24"]
[Round "7"]
[White "Munoz, Miguel"]
[Black "Karthik Venkataraman"]
[Result "1/2-1/2"]
[WhiteElo "2497"]
[BlackElo "2316"]
[Annotator "TA"]
[PlyCount "29"]
[EventDate "2017.??.??"]
[EventType "swiss"]
[EventCountry "ESP"]
[SourceTitle "playchess.com"]
[Source "ChessBase"]
[SourceQuality "1"]

{[%evp 10,29,-4,-57,-11,-17,-8,-4,-15,-28,-5,16,14,-8,0,-6,11,1,25,0,31,0]} 1. e4 e5 2. d4 exd4 3. Qxd4 Nc6 4. Qe3 Nf6 5. Bd2 Bb4 6. c3 {LiveBook: 3 Games. C22: Centre Game} ({White should play} 6. Ne2 $11) (6. Nc3 O-O 7. O-O-O Re8 8. Bc4 d6 9. f3 Ne5 10. Bb3 a5 11. a3 Bc5 12. Qe1 b5 13. a4 b4 14. Nce2 Be6 15. Bxe6 fxe6 16. b3 Nc6 17. Kb1 e5 18. Bc1 {½-½ (30) Munoz Pantoja,M (2451)-Vallejo Pons,F (2713) Linares 2016}) 6... Ba5 {And now ...0-0 would win.} (6... Be7 {feels hotter.} 7. c4 O-O 8. Nc3 Re8 9. f3 b6) 7. c4 $1 Bxd2+ 8. Nxd2 {The position is equal.} O-O 9. O-O-O Qe7 $146 ({Predecessor:} 9... d6 10. f3 a6 11. Kb1 Be6 12. Ne2 b5 13. Nf4 {1-0 (37) Munoz Pantoja,M (2486)-Comellas Blanchart,J (2065) Barcelona 2017}) 10. Ne2 d6 11. h3 Nd7 12. Nc3 Nc5 13. g4 f6 14. f4 Qf7 15. Kb1 {Precision: White = 58%, Black = 26%.} 1/2-1/2

[Event "XIX Sants Open 2017"]
[Site "Cotxeres de Sants"]
[Date "2017.08.24"]
[Round "7"]
[White "Praggnanandhaa R"]
[Black "Erdogdu, Mert"]
[Result "1-0"]
[WhiteElo "2487"]
[BlackElo "2423"]
[Annotator "TA"]
[PlyCount "53"]
[EventDate "2017.??.??"]
[EventType "swiss"]
[EventCountry "ESP"]
[SourceTitle "playchess.com"]
[Source "ChessBase"]
[SourceQuality "1"]

{[%evp 16,53,41,41,41,32,47,50,80,62,56,41,81,38,119,63,169,174,204,212,197,202,206,193,372,386,366,343,387,385,377,360,342,309,421,427,434,422,425,421]} 1. e4 d5 2. exd5 Qxd5 3. Nc3 Qd6 4. d4 Nf6 5. Nf3 c6 6. h3 {B01: Scandinavian Defence} (6. Ne5 Nbd7 7. Nc4 Qc7 8. a4 Nd5 9. Bd3 g6 10. Qf3 N7f6 11. Nxd5 Nxd5 12. O-O Bg7 13. c3 O-O 14. Qg3 Qxg3 15. hxg3 {½-½ (28) Caruana,F (2808)-Carlsen,M (2857) Baku 2016}) 6... Bf5 7. Ne5 Nbd7 8. Nc4 Qc7 9. Qf3 {LiveBook: 6 Games} e6 10. Bf4 Qd8 11. O-O-O Nb6 12. g4 Bg6 $1 13. Ne5 Nbd5 14. Nxd5 Nxd5 {[#]} (14... Qxd5 $14 15. Qxd5 Nxd5) 15. Bd2 $146 ({White should try} 15. Bg3 $1 $16) 15... Be7 {[#]} ({Black should play} 15... Nf6 $14) 16. h4 $1 $36 {[%cal Rh4h5][%mdl 2048] Hoping for h5. White is on the roll.} Bxh4 17. Bd3 Rf8 18. Bxg6 fxg6 19. Qb3 b5 $2 (19... Bf6 20. Qxb7 Qc8 21. Qxc8+ (21. Qxc6+ Qxc6 22. Nxc6 h6 $16) 21... Rxc8 22. Rxh7 g5) 20. Nxc6 Qb6 21. Nb4 ({Less strong is} 21. Rxh4 Qxc6 22. Rxh7 Rf7 $18) 21... Nxb4 22. Bxb4 ({Not} 22. Rxh4 Nd5 $18) 22... Bg5+ 23. Kb1 Rxf2 24. d5 ({Weaker is} 24. Rxh7 Kf7 $18) 24... O-O-O 25. Qc3+ {White is clearly winning.} Qc7 26. Qxc7+ Kxc7 27. Ba5+ {Precision: White = 74%, Black = 30%.} 1-0

[Event "XIX Sants Open 2017"]
[Site "Cotxeres de Sants"]
[Date "2017.08.24"]
[Round "7"]
[White "Trent, Lawrence"]
[Black "Chalmeta Ugas, Ramon"]
[Result "1-0"]
[WhiteElo "2439"]
[BlackElo "2298"]
[Annotator "TA"]
[PlyCount "59"]
[EventDate "2017.??.??"]
[EventType "swiss"]
[EventCountry "ESP"]
[SourceTitle "playchess.com"]
[Source "ChessBase"]
[SourceQuality "1"]

{[%evp 18,59,118,108,107,73,89,56,98,88,92,101,97,77,111,102,147,147,195,169,188,135,135,102,188,89,92,92,91,102,105,96,90,90,103,116,133,127,220,223,391,381,571,570]} 1. c4 Nf6 2. Nc3 d5 3. cxd5 Nxd5 4. Nf3 g6 5. Qa4+ c6 6. Qd4 Nf6 7. Qxd8+ {A16: English Opening: 1...Nf6 with ...d5} Kxd8 8. e4 Bg7 9. d4 h6 10. Bc4 {LiveBook: 4 Games} Ke8 11. a3 Nbd7 $146 ({Find the theoretical novelty and annotate with similar games:} 11... Nfd7 12. Be3 e5 13. d5 a5 14. dxc6 bxc6 {1-0 (34) Horvath,G (2430)-Rezsek,G (2118) Zalakaros 2006}) 12. h3 Nf8 13. Be3 Be6 14. d5 cxd5 15. exd5 Bd7 16. O-O Rc8 17. Bb3 b6 18. Rfe1 g5 19. Bd4 (19. a4 $18) 19... Ng6 $16 20. d6 {Hoping for dxe7.} Kf8 (20... e6 $16 {was called for.}) 21. Ne5 (21. dxe7+ $18 Nxe7 22. Rad1) 21... Nxe5 22. dxe7+ ({Don't play} 22. Rxe5 exd6 23. Re3 Re8 $11) 22... Kxe7 23. Bxe5 Be6 {[#]} 24. Bxe6 $1 fxe6 25. Nb5 $36 {[%mdl 2048] White is in control.} a5 26. Re2 Rhd8 27. Rae1 {Black must now prevent Bxf6+.} Nh5 (27... Ne8 $16) 28. Bc7 $18 Rd5 $2 {[#]} (28... Nf4 {keeps fighting.} 29. Bxf4 gxf4 30. Rxe6+ Kf8) 29. Rxe6+ Kf8 (29... Kf7 $142) 30. Nd6 {Precision: White = 67%, Black = 49%.} 1-0

[Event "XIX Sants Open 2017"]
[Site "Cotxeres de Sants"]
[Date "2017.08.24"]
[Round "7"]
[White "Salinas Herrera, Pablo"]
[Black "Krysa, Leandro"]
[Result "1-0"]
[WhiteElo "2411"]
[BlackElo "2537"]
[Annotator "TA"]
[PlyCount "28"]
[EventDate "2017.??.??"]
[EventType "swiss"]
[EventCountry "ESP"]
[SourceTitle "playchess.com"]
[Source "ChessBase"]
[SourceQuality "1"]

{[%evp 13,28,-5,0,0,18,5,0,0,0,0,0,0,0,0,0,0,0]} 1. d4 Nf6 2. Bf4 g6 3. Nc3 d5 4. e3 Bg7 5. h4 h5 6. Be2 {A45: Trompowsky Attack} O-O 7. Nf3 c5 {LiveBook: 3 Games. The position is equal.} 8. dxc5 Qa5 9. O-O Qxc5 10. Nb5 {[#] And now Nc7 would win.} a6 11. Nc7 Ra7 $146 12. Nb5 Ra8 13. Nc7 Ra7 14. Nb5 Ra8 {[%mdl 32768] Loss on Time!?} 1-0

[Event "XIX Sants Open 2017"]
[Site "Cotxeres de Sants"]
[Date "2017.08.24"]
[Round "7"]
[White "Suarez Uriel, Adrian"]
[Black "Salomon, Johan"]
[Result "1-0"]
[WhiteElo "2406"]
[BlackElo "2488"]
[Annotator "TA"]
[PlyCount "83"]
[EventDate "2017.??.??"]
[EventType "swiss"]
[EventCountry "ESP"]
[SourceTitle "playchess.com"]
[Source "ChessBase"]
[SourceQuality "1"]

{[%evp 18,83,-1,-42,-53,-50,-37,-118,-46,-62,-40,-78,-42,-79,-77,-105,-115,-109,-28,-35,27,-33,0,-52,44,-12,-16,0,-27,0,152,137,159,93,123,72,195,207,202,176,241,109,448,448,404,387,393,315,318,255,302,286,282,302,294,179,341,331,304,266,274,229,329,316,339,353,358,349]} 1. e4 c5 2. Nf3 d6 3. d4 cxd4 4. Nxd4 Nf6 5. Nc3 a6 6. h3 e6 7. g4 h6 8. Be3 b5 {[%cal Bb7b5,Bb5b4][%mdl 32] B81: Sicilian Scheveningen: Keres Attack} (8... g5 9. Bg2 Nbd7 10. h4 Rg8 11. hxg5 hxg5 12. Qe2 Ne5 13. f3 b5 14. O-O-O Bb7 15. a3 Rc8 16. Qe1 {0-1 (34) Grigoriants,S (2570)-Inarkiev,E (2680) Wroclaw 2014}) 9. Bg2 Bb7 10. Qe2 {LiveBook: 3 Games} b4 {Black is slightly better.} 11. Na4 Nbd7 12. O-O-O $146 (12. c4 $15) ({Predecessor:} 12. f3 Qa5 13. b3 Rc8 14. O-O d5 15. e5 Nxe5 16. Nxe6 fxe6 {0-1 (44) El Moumen,Y (2250)-Morawietz,D (2424) Cologne 2006}) 12... Qc7 ({Reject} 12... Bxe4 13. Bxe4 Nxe4 14. Bf4 $15) (12... Qa5 $17 13. b3 Nc5) 13. Kb1 e5 14. Nf5 g6 15. Ng3 {[#]} Bc6 $1 {[%cal Rc6a4]} 16. Qc4 Qb7 17. b3 {[#]} Rc8 (17... Bxa4 $1 $17 18. bxa4 Rc8) 18. Nb2 $11 a5 ({Black should try} 18... h5 $15 19. gxh5 Nxh5) 19. Qe2 (19. Qd3 $11) 19... Be7 (19... a4 $5) 20. Bc1 (20. Qd2 $11) 20... d5 (20... Nc5 $15 21. f3 d5) 21. Rhe1 ({White should play} 21. f4 $14) 21... Bb5 22. Qd2 {[%cal Re4d5]} d4 23. f4 $1 Rc3 $2 (23... O-O $11) 24. Ne2 $16 Bxe2 25. Qxe2 (25. Rxe2 $142 Rg3 26. fxe5 Rxg2 27. exf6 Rxe2 28. Qxe2 Nxf6 29. Rxd4) 25... O-O 26. Nc4 (26. Na4 $142) 26... Nb6 (26... Qb8 $16 {was called for.}) 27. Nxe5 $18 Rfc8 28. Rxd4 a4 (28... Rxc2 {might work better.} 29. Qxc2 Rxc2 30. Kxc2 a4) 29. Bb2 (29. Rd2 $18 {is more deadly.}) 29... R3c7 $2 {[%mdl 8192]} (29... Rxc2 $16 {is a better chance.} 30. Qxc2 Rxc2 31. Kxc2 Ne8) 30. Rd2 Qa7 31. Nd3 Nfd7 32. Nc1 Nc5 33. Qe3 axb3 34. cxb3 ({Don't take} 34. axb3 $6 Nca4 $18) ({Resist} 34. Qd4 $6 bxa2+ 35. Nxa2 f6 $16) 34... Nca4 35. bxa4 Nc4 36. Qd4 {[%csl Gb2][%cal Rd4h8]} Nxd2+ $2 (36... Qxd4 37. Rxd4 Nxb2) 37. Qxd2 Rd8 38. Qe3 Qxa4 {aiming for ...Qc2+.} 39. Qb3 Qc6 (39... Qd7 $142) 40. Nd3 Qb5 41. Ne5 Bh4 42. Rc1 {Precision: White = 37%, Black = 28%.} 1-0

[Event "XIX Sants Open 2017"]
[Site "Cotxeres de Sants"]
[Date "2017.08.24"]
[Round "7"]
[White "Sukandar, Irine Kharisma"]
[Black "Svetushkin, Dmitry"]
[Result "0-1"]
[WhiteElo "2400"]
[BlackElo "2558"]
[Annotator "TA"]
[PlyCount "124"]
[EventDate "2017.??.??"]
[EventType "swiss"]
[EventCountry "ESP"]
[SourceTitle "playchess.com"]
[Source "ChessBase"]
[SourceQuality "1"]

{[%evp 15,124,20,17,-32,0,-25,0,-54,-51,-52,-55,-59,-62,-52,-48,-73,-61,-70,-42,-88,-51,-52,-21,-60,0,0,0,0,21,20,20,18,22,25,46,42,39,29,56,13,95,0,0,0,0,0,0,0,0,-104,-104,-100,-95,-99,-99,-197,-191,-263,-272,-405,-423,-472,-389,-318,-94,-78,-91,-66,-49,-50,-36,-158,-146,-141,-122,-318,-300,-420,-411,-515,-472,-658,-644,-556,-334,-725,-902,-900,-891,-877,-795,-1774,-1750,-1639,-1556,-1391,-1348,-1674,-1595,-1014,-883,-29976,-29977,-29977,-29978,-29970,-5895,-29987,-29988,-29989,-29990]} 1. d4 d5 2. Bf4 c5 3. e3 Nc6 4. c3 Nf6 5. Nd2 Bf5 6. Ngf3 e6 7. Qb3 {D00: 1 d4 d5: Unusual lines} (7. Be2 h6 8. O-O Be7 9. dxc5 Bxc5 10. c4 O-O 11. a3 Be7 12. cxd5 Nxd5 13. Bg3 Bh7 14. Nc4 Qd7 {0-1 (75) Rakhmanov,A (2667)-Alekseev,E (2632) Tallinn 2016}) 7... Qb6 8. Qxb6 axb6 {LiveBook: 3 Games} 9. Bc7 {The position is equal.} Nd7 10. Nh4 Be4 $146 ({Find the theoretical novelty and annotate with similar games:} 10... Be7 11. Nxf5 exf5 12. Bd3 {½-½ (46) Windey,L-Foulds,A Viborg 1996}) 11. f3 (11. Nhf3 $11) 11... Bc2 $15 {Threatens to win with ...g5.} 12. g4 h5 13. gxh5 Rxh5 14. Ng2 Be7 15. Kf2 g5 16. Bb5 Bf6 17. Rhe1 Kf8 18. Bd6+ Kg7 (18... Be7 $5 {[%cal Re7d6]} 19. Bc7 Rh3 $17) 19. Rg1 Bg6 ({Better is} 19... Rh3 $15) 20. h4 $1 $11 gxh4 21. Nf4 Rg5 22. Rxg5 Bxg5 23. Nxg6 fxg6 24. f4 Bf6 25. Nf3 Kf7 26. Kg2 c4 27. Kh3 Nf8 (27... Be7 $1 $11 28. Bxe7 Kxe7) 28. Bxc6 (28. Ne5+ $16 Bxe5 29. dxe5) 28... bxc6 29. Ng5+ Bxg5 30. fxg5 {[%mdl 4096] Endgame KRB-KRN} Nd7 31. Kxh4 e5 32. Kg4 (32. Bxe5 $11 Nxe5 33. dxe5) 32... Ke6 $17 33. Ba3 Rh8 $1 34. Re1 c5 35. dxc5 (35. Rd1 $17) 35... bxc5 $19 36. e4 (36. Rc1 {is a better defense.}) 36... d4 37. Rc1 (37. Kg3 {was necessary.}) 37... d3 38. Rf1 Rh2 39. Kg3 Rh7 $2 (39... Rc2 $19 40. Kf3 Kd6) 40. b3 $17 Rh8 {White must now prevent ...Ra8.} 41. Bc1 cxb3 42. axb3 Rb8 (42... c4 $5 {[%cal Rc4b3]} 43. b4 Ra8 $11) 43. Rd1 {[#]} (43. Rf3 $1 $15) 43... c4 $1 {[%cal Rc4b3]} 44. b4 {[#]} Ra8 $1 45. Bd2 $2 (45. Be3 $17) 45... Ra2 $19 46. Kf3 Nb6 47. Ke3 Na4 48. Rf1 Rc2 49. Rf6+ Kd7 50. b5 $2 (50. Ra6 Nxc3 51. Bxc3 Rxc3 52. Ra5) 50... Nb2 51. Rf1 Kc7 52. Ra1 Kb6 53. Rb1 Na4 54. Ra1 Kxb5 55. Rb1+ Kc6 56. Ra1 Nc5 57. Rd1 Kb5 58. Rb1+ Nb3 59. Be1 d2 60. Bxd2 Rxd2 61. Rxb3+ cxb3 62. Kxd2 Kc4 {Precision: White = 32%, Black = 63%.} 0-1

[Event "XIX Sants Open 2017"]
[Site "Cotxeres de Sants"]
[Date "2017.08.24"]
[Round "7"]
[White "Garcia Ruiz, Adrian"]
[Black "Torralba Brosa, Marc"]
[Result "1/2-1/2"]
[WhiteElo "1940"]
[BlackElo "1839"]
[Annotator "NA RC"]
[PlyCount "63"]
[EventDate "2017.??.??"]
[EventType "swiss"]
[EventCountry "ESP"]
[SourceTitle "playchess.com"]
[Source "ChessBase"]
[SourceQuality "1"]
[TimeControl "40/5400+30:1800+30"]

1. e4 c5 2. Nf3 g6 3. d4 cxd4 4. Nxd4 Nc6 5. Nc3 Bg7 6. Be3 Nf6 7. Bc4 O-O 8. Bb3 d6 9. f3 Bd7 10. Qd2 Na5 11. O-O-O Rb8 12. h4 b5 13. Bh6 Bxh6 14. Qxh6 e5 15. Nde2 b4 16. Nd5 Nxb3+ 17. axb3 Nxd5 18. exd5 Qc7 19. Ng3 f6 20. h5 g5 21. Ne4 Bf5 22. Rd2 Bxe4 23. fxe4 Rb6 24. Rf2 Ra6 25. Kd2 Rc8 26. Rc1 Qc5 27. Qxf6 Qd4+ 28. Ke2 Rxc2+ 29. Rxc2 Qxe4+ 30. Kd2 Qd4+ 31. Ke2 Qe4+ 32. Kd2 1/2-1/2

[Event "XIX Sants Open 2017"]
[Site "Cotxeres de Sants"]
[Date "2017.08.24"]
[Round "7"]
[White "Casset Bello, Elena"]
[Black "Petit Montes, Marc"]
[Result "1/2-1/2"]
[WhiteElo "1936"]
[BlackElo "1948"]
[Annotator "NA RC"]
[PlyCount "118"]
[EventDate "2017.??.??"]
[EventType "swiss"]
[EventCountry "ESP"]
[SourceTitle "playchess.com"]
[Source "ChessBase"]
[SourceQuality "1"]
[TimeControl "40/5400+30:1800+30"]

1. d4 {[%emt 0:00:00]} d5 {[%emt 0:01:20]} 2. c4 {[%emt 0:00:00]} c6 {[%emt 0:00:27]} 3. Nf3 {[%emt 0:00:07]} Nf6 {[%emt 0:00:29]} 4. e3 {[%emt 0:00:13]} Bf5 {[%emt 0:01:37]} 5. Bd3 {[%emt 0:00:35]} Bxd3 {[%emt 0:00:55]} 6. Qxd3 {[%emt 0:01:53]} e6 {[%emt 0:00:36]} 7. O-O {[%emt 0:00:27]} Bd6 {[%emt 0:02:41]} 8. Nbd2 {[%emt 0:01:14]} Nbd7 {[%emt 0:00:34]} 9. e4 {[%emt 0:02:27]} dxe4 {[%emt 0:01:20]} 10. Nxe4 {[%emt 0:00:06]} Nxe4 {[%emt 0:00:08]} 11. Qxe4 {[%emt 0:00:03]} Nf6 {[%emt 0:00:07]} 12. Qe2 {[%emt 0:01:01] LiveBook: 14 Games D12: Slav Defence: 3 Nf3 Nf6 4 e3 Bf5} O-O {[%emt 0:00:21]} 13. Bg5 {[%emt 0:01:34]} (13. Rd1 Qc7 14. Bg5 Bf4 15. Bxf6 gxf6 16. d5 Rfe8 17. dxe6 fxe6 18. g3 Bh6 19. Rd3 e5 20. Rad1 Rad8 21. Nh4 Rxd3 22. Rxd3 Rd8 23. Qg4+ Kh8 24. Rxd8+ Qxd8 25. Qe6 Bf8 26. Nf5 {1-0 (26) Mozharov,M (2540)-Bystrov,S (2280) Pardubice 2014}) 13... h6 {[%emt 0:00:45]} 14. Bh4 {[%emt 0:12:30]} Be7 {[%emt 0:07:51]} 15. Rfd1 {[%emt 0:04:44]} Re8 {[%emt 0:07:48]} 16. Rac1 $146 {[%emt 0:10:01]} Nh5 {[%emt 0:15:31]} 17. Bxe7 {[%emt 0:01:29]} Qxe7 {[%emt 0:00:45]} 18. Qe5 {[%emt 0:04:29]} Nf6 {[%emt 0:01:47]} 19. a3 {[%emt 0:12:35]} Rad8 {[%emt 0:03:33]} 20. h3 {[%emt 0:11:00]} Qd6 {[%emt 0:05:24]} 21. Kf1 {[%emt 0:11:39]} Kf8 {[%emt 0:14:30]} 22. Qxd6+ {[%emt 0:05:04]} Rxd6 {[%emt 0:00:07]} 23. Ke2 {[%emt 0:00:41]} Red8 {[%emt 0:03:10]} 24. b4 {[%emt 0:07:01]} R6d7 {[%emt 0:13:00]} 25. Ke3 {[%emt 0:01:59]} Rc7 {[%emt 0:01:09]} 26. a4 {[%emt 0:04:57]} Rdc8 {[%emt 0:00:59]} 27. a5 {[%emt 0:02:53]} b5 {[%emt 0:03:57]} 28. axb6 {[%emt 0:01:36]} axb6 {[%emt 0:00:11]} 29. Ra1 {[%emt 0:00:40]} b5 {[%emt 0:01:39]} 30. Rdc1 {[%emt 0:00:43]} Rb7 {[%emt 0:04:52]} 31. Ra6 {[%emt 0:01:14]} bxc4 {[%emt 0:00:52]} 32. Rxc4 {[%emt 0:00:01]} Nd5+ {[%emt 0:00:24]} 33. Ke4 {[%emt 0:01:02]} Nxb4 {[%emt 0:00:59]} 34. Ra4 {[%emt 0:00:29]} ({Better is} 34. Ra3 $15) 34... Nd5 {[%emt 0:00:56]} 35. Ra6 {[%emt 0:00:30]} Rbc7 {[%emt 0:03:15]} 36. Ne5 {[%emt 0:00:20]} Ne7 {[%emt 0:00:32]} 37. Rc5 {[%emt 0:00:40]} f6 {[%emt 0:01:02]} 38. Nd3 {[%emt 0:00:27]} Rb8 {[%emt 0:00:48]} 39. Rc4 {[%emt 0:00:27]} Kf7 {[%emt 0:02:29]} 40. Nb4 {[%emt 0:00:00]} Rbc8 {[%emt 0:00:55]} 41. Rc5 {[%emt 0:03:09]} Ke8 {[%emt 0:13:21]} 42. g3 {[%emt 0:02:27]} Kd7 {[%emt 0:00:26]} 43. f4 {[%emt 0:07:34]} (43. Rc1 $15) 43... Nd5 {[%emt 0:03:51]} 44. Nd3 {[%emt 0:01:10]} Rb8 {[%emt 0:00:38]} 45. g4 $2 {[%emt 0:05:05]} ({White should play} 45. Rca5 $15) 45... g6 {[%emt 0:05:21]} (45... Rb3 $17 46. f5 exf5+ 47. gxf5 Rc8 48. Raxc6 Rxc6 49. Rxd5+ Kc8) 46. h4 $2 {[%emt 0:03:08]} (46. Rc1 $17) 46... f5+ $2 {[%emt 0:03:29]} (46... Rb3 $19 {is more deadly.} 47. Rca5 f5+ 48. gxf5 gxf5+ 49. Ke5 Rxd3) 47. gxf5 {[%emt 0:00:48]} exf5+ {[%emt 0:02:49]} 48. Kf3 {[%emt 0:00:21]} Rb3 {[%emt 0:00:12]} 49. Ke2 {[%emt 0:01:41]} Rxd3 {[%emt 0:02:39]} (49... Kd6 $17 50. Rc4 Rb1) 50. Rxd5+ {[%emt 0:00:51]} cxd5 {[%emt 0:00:10]} 51. Kxd3 {[%emt 0:00:02]} Rc6 {[%emt 0:00:09]} 52. Ra7+ {[%emt 0:00:40]} Ke6 {[%emt 0:00:41]} 53. Rg7 $1 {[%emt 0:00:51]} Kf6 {[%emt 0:00:16]} 54. Rd7 $1 {[%emt 0:00:31]} Ke6 {[%emt 0:00:16]} 55. Rg7 {[%emt 0:00:02]} Kf6 {[%emt 0:00:13]} 56. Rd7 {[%emt 0:00:01]} Ke6 {[%emt 0:01:48]} 57. Rg7 $11 {[%emt 0:00:02]} Kf6 58. Rd7 Re6 59. Rxd5 Re4 1/2-1/2